[Event "Copenhagen Chess Challenge IM 2022"]
[Site "Ballerup"]
[Date "2022.05.27"]
[Round "5"]
[White "Kenneskog, Theodor"]
[Black "Ahlander, Bjorn"]
[Result "1/2-1/2"]
[WhiteElo "2296"]
[BlackElo "2375"]
[PlyCount "76"]
[EventDate "2022.05.25"]
[EventType "tourn"]
[EventRounds "9"]
[EventCountry "DEN"]

1. e4 c5 2. Nf3 d6 3. d4 cxd4 4. Nxd4 Nf6 5. Nc3 a6 6. f3 e5 7. Nb3 Be6 8. Be3
h5 9. Qd2 Nbd7 10. Nd5 Bxd5 11. exd5 g6 12. O-O-O Nb6 13. Kb1 Nbxd5 14. Bg5 Be7
15. c4 Nb6 16. Bxf6 Bxf6 17. Qxd6 Be7 18. Qxd8+ Rxd8 19. Rxd8+ Kxd8 20. c5 Na4
21. Bc4 Nxc5 22. Nxc5 Bxc5 23. Bxf7 Ke7 24. Bd5 Rd8 25. Rd1 g5 26. Bb3 Rxd1+
27. Bxd1 Kf6 28. Kc2 Bg1 29. h3 h4 30. Kd3 Kf5 31. Ke2 Bd4 32. b3 a5 33. a4 b6
34. Bc2+ Kf4 35. Be4 Kg3 36. Kf1 Kf4 37. Ke2 Kg3 38. Kf1 Kf4 1/2-1/2

[Event "Copenhagen Chess Challenge IM 2022"]
[Site "Ballerup"]
[Date "2022.05.27"]
[Round "5"]
[White "Brynell, Stellan"]
[Black "Liu, Casper Yukun"]
[Result "1/2-1/2"]
[WhiteElo "2401"]
[BlackElo "2218"]
[PlyCount "54"]
[EventDate "2022.05.25"]
[EventType "tourn"]
[EventRounds "9"]
[EventCountry "DEN"]

1. d4 Nf6 2. Nf3 g6 3. g3 Bg7 4. Bg2 c6 5. c4 d5 6. cxd5 cxd5 7. Nc3 O-O 8. Ne5
Bf5 9. O-O Ne4 10. Qb3 Nc6 11. Nxc6 bxc6 12. Be3 Nd6 13. Qa4 Qb6 14. b3 Nb5 15.
Nxb5 cxb5 16. Qb4 e6 17. Rac1 Rfc8 18. Qd2 Bf8 19. f3 g5 20. Bxg5 Ba3 21. Rxc8+
Rxc8 22. e4 Bg6 23. exd5 e5 24. f4 Rc2 25. Qd1 Rc1 26. Qd2 Rc2 27. Qd1 Rc1
1/2-1/2

[Event "Copenhagen Chess Challenge IM 2022"]
[Site "Ballerup"]
[Date "2022.05.28"]
[Round "6"]
[White "Seegert, Kristian"]
[Black "Kenneskog, Theodor"]
[Result "0-1"]
[WhiteElo "2209"]
[BlackElo "2296"]
[PlyCount "74"]
[EventDate "2022.05.25"]
[EventType "tourn"]
[EventRounds "9"]
[EventCountry "DEN"]

1. e4 c5 2. Nf3 d6 3. d4 cxd4 4. Nxd4 Nf6 5. Nc3 a6 6. Be3 e5 7. Nf3 Be7 8. a4
O-O 9. Be2 Be6 10. O-O h6 11. a5 Nbd7 12. Qd3 Rc8 13. Nd2 Nc5 14. Bxc5 Rxc5 15.
Na4 Rc6 16. Nb6 Nd7 17. Nxd7 Qxd7 18. Bf3 Bg5 19. Rfd1 Qc7 20. c3 Rc5 21. Nf1
Rd8 22. Ng3 Rxa5 23. Rxa5 Qxa5 24. Nf5 g6 25. h4 Bf6 26. Nxh6+ Kg7 27. Ng4 Bxh4
28. Ne3 Qb6 29. Qe2 Qc5 30. Bg4 Bb3 31. Re1 Bg5 32. Nd5 f5 33. Bxf5 Bxd5 34.
Qg4 Kf6 35. Bxg6 Kxg6 36. Re3 Qc8 37. Qg3 Be6 0-1

[Event "Copenhagen Chess Challenge IM 2022"]
[Site "Ballerup"]
[Date "2022.05.28"]
[Round "6"]
[White "Jacobsen, Mikkel Manosri"]
[Black "Sahl, Bjarke"]
[Result "1-0"]
[WhiteElo "2251"]
[BlackElo "2312"]
[PlyCount "107"]
[EventDate "2022.05.25"]
[EventType "tourn"]
[EventRounds "9"]
[EventCountry "DEN"]

1. Nf3 d5 2. b3 Nf6 3. e3 c6 4. Bb2 Bf5 5. Be2 h6 6. O-O Nbd7 7. c4 e6 8. Nc3
Bh7 9. Rc1 Be7 10. cxd5 cxd5 11. d4 O-O 12. Ne5 Qa5 13. Nxd7 Nxd7 14. a3 Rfc8
15. Na4 Qd8 16. Qd2 Nf6 17. f3 Ne8 18. Nc5 Nd6 19. g3 Rc7 20. Kg2 Rac8 21. a4
Qf8 22. g4 Bg6 23. h3 Qd8 24. Rfd1 Bf8 25. Bd3 Bxd3 26. Nxd3 Rxc1 27. Rxc1 Rxc1
28. Qxc1 Qc8 29. Qxc8 Nxc8 30. e4 Ne7 31. Bc3 Nc6 32. b4 a6 33. Nc5 Bxc5 34.
dxc5 f6 35. exd5 exd5 36. b5 axb5 37. axb5 Na7 38. c6 b6 39. Bd4 Nxb5 40. Bxb6
Kf7 41. c7 Nd6 42. Bc5 Nc8 43. h4 g6 44. h5 f5 45. gxf5 gxh5 46. Kg3 Kf6 47.
Kf4 h4 48. Bd4+ Ke7 49. Ke5 h3 50. Bg1 Kd7 51. f6 Nd6 52. Kxd5 Ne8 53. c8=Q+
Kxc8 54. Ke6 1-0

[Event "Copenhagen Chess Challenge IM 2022"]
[Site "Ballerup"]
[Date "2022.05.28"]
[Round "6"]
[White "Nielsen, Thomas Bach"]
[Black "Kistrup, Nicolai"]
[Result "0-1"]
[WhiteElo "2189"]
[BlackElo "2306"]
[PlyCount "102"]
[EventDate "2022.05.25"]
[EventType "tourn"]
[EventRounds "9"]
[EventCountry "DEN"]

1. d4 Nf6 2. c4 e6 3. Nf3 d5 4. Nc3 Bb4 5. cxd5 exd5 6. Qa4+ Nc6 7. Bg5 h6 8.
Bxf6 Qxf6 9. e3 O-O 10. Be2 a6 11. O-O Be6 12. Rfc1 Rfd8 13. Ne5 Bxc3 14. Nxc6
Bxb2 15. Nxd8 Rxd8 16. Rab1 Bxc1 17. Rxc1 c6 18. Qb4 Bc8 19. a4 Qd6 20. Qxd6
Rxd6 21. a5 Kf8 22. Kf1 Ke7 23. Ke1 Kd8 24. Kd2 Kc7 25. Kc3 Bf5 26. Kb4 Be4 27.
f3 Bh7 28. Kc5 Re6 29. Rc3 Bb1 30. Bf1 g5 31. Rc1 Bg6 32. Rc3 Bh5 33. g4 Bg6
34. Bg2 f5 35. gxf5 Bxf5 36. h3 Bg6 37. Bh1 Bf5 38. Bg2 h5 39. Bf1 Re8 40. Bg2
Re7 41. Bf1 g4 42. hxg4 hxg4 43. fxg4 Bxg4 44. Bg2 Bf5 45. Kb4 Kd6 46. Kb3 Rg7
47. Bf1 Rg1 48. Bd3 Bxd3 49. Rxd3 Rb1+ 50. Kc2 Ra1 51. Rb3 Kc7 0-1

[Event "Copenhagen Chess Challenge IM 2022"]
[Site "Ballerup"]
[Date "2022.05.28"]
[Round "6"]
[White "Ahlander, Bjorn"]
[Black "Brynell, Stellan"]
[Result "1/2-1/2"]
[WhiteElo "2375"]
[BlackElo "2401"]
[PlyCount "49"]
[EventDate "2022.05.25"]
[EventType "tourn"]
[EventRounds "9"]
[EventCountry "DEN"]

1. d4 Nf6 2. c4 e6 3. Nc3 d5 4. Nf3 c5 5. cxd5 Nxd5 6. e3 cxd4 7. exd4 Nxc3 8.
bxc3 Qc7 9. Bd2 Nd7 10. Bd3 b6 11. O-O Bb7 12. Re1 Bd6 13. Ng5 Nf6 14. Bb5+ Bc6
15. Qf3 Rc8 16. Bxc6+ Qxc6 17. Ne4 Nxe4 18. Rxe4 O-O 19. Rae1 Rfe8 20. Qh5 g6
21. Qg5 Be7 22. Qe5 Bd6 23. Qg5 Be7 24. Qe5 Bd6 25. Qg5 1/2-1/2

[Event "Copenhagen Chess Challenge IM 2022"]
[Site "Ballerup"]
[Date "2022.05.28"]
[Round "6"]
[White "Rostgaard, Tobias Valentin"]
[Black "Liu, Casper Yukun"]
[Result "1-0"]
[WhiteElo "2339"]
[BlackElo "2218"]
[PlyCount "161"]
[EventDate "2022.05.25"]
[EventType "tourn"]
[EventRounds "9"]
[EventCountry "DEN"]

1. e4 e5 2. Nf3 Nc6 3. Bb5 a6 4. Ba4 Nf6 5. O-O b5 6. Bb3 Be7 7. Re1 O-O 8. a4
Bb7 9. Nc3 Na5 10. Ba2 b4 11. Nd5 Nxd5 12. Bxd5 Bxd5 13. exd5 d6 14. d4 f6 15.
Qd3 Qc8 16. Bd2 Qb7 17. dxe5 dxe5 18. c4 Rad8 19. Nh4 c6 20. Nf5 cxd5 21. cxd5
Bc5 22. d6 g6 23. Rac1 Bxd6 24. Nxd6 Qb6 25. Qd5+ Kg7 26. Red1 Rxd6 27. Qxd6
Qxd6 28. Bh6+ Kxh6 29. Rxd6 Nb3 30. Rcc6 f5 31. h3 a5 32. Rd3 Nd4 33. Rc5 Rd8
34. Kf1 e4 35. Re3 Ne6 36. Rxa5 Rd2 37. f3 Nd4 38. fxe4 Rxb2 39. exf5 b3 40.
Ra6 Nxf5 41. Rd3 Rb1+ 42. Kf2 b2 43. Rb6 Ra1 44. Rxb2 Rxa4 45. g4 Rf4+ 46. Rf3
Rxf3+ 47. Kxf3 Nh4+ 48. Ke4 g5 49. Rb6+ Kg7 50. Ke5 h6 51. Ke6 Ng2 52. Ke5 Nh4
53. Rf6 Ng2 54. Kf5 Nh4+ 55. Ke6 Ng2 56. Ke7 Nf4 57. Rf7+ Kg6 58. Kf8 Nxh3 59.
Kg8 Nf4 60. Ra7 Kf6 61. Ra6+ Ke5 62. Rxh6 Ke4 63. Rh1 Kf3 64. Kg7 Kxg4 65. Kh6
Nh3 66. Ra1 Kh4 67. Kg6 g4 68. Kf5 Nf2 69. Kf4 g3 70. Kf3 Kh3 71. Rg1 Kh4 72.
Rxg3 Nd3 73. Rg4+ Kh3 74. Re4 Kh2 75. Re3 Nc5 76. Kf2 Nd7 77. Re7 Nf6 78. Re6
Ng4+ 79. Kf3 Kh3 80. Kf4 Kh4 81. Rg6 1-0

[Event "Copenhagen Chess Challenge IM 2022"]
[Site "Ballerup"]
[Date "2022.05.28"]
[Round "7"]
[White "Brynell, Stellan"]
[Black "Seegert, Kristian"]
[Result "1-0"]
[WhiteElo "2401"]
[BlackElo "2209"]
[PlyCount "51"]
[EventDate "2022.05.25"]
[EventType "tourn"]
[EventRounds "9"]
[EventCountry "DEN"]

1. d4 f5 2. g3 Nf6 3. Bg2 g6 4. Nf3 Bg7 5. c4 O-O 6. Nc3 d6 7. O-O c6 8. d5 Bd7
9. e4 fxe4 10. Ng5 e3 11. Bxe3 Ng4 12. Bd4 e5 13. dxe6 Qxg5 14. exd7 Nxd7 15.
Bxg7 Kxg7 16. Ne4 Qh5 17. h3 Nge5 18. Qxh5 gxh5 19. Nxd6 a5 20. Rfe1 Kf6 21.
Ne4+ Kg7 22. Rad1 Nb6 23. b3 Ng6 24. Nc5 Rf7 25. Ne6+ Kf6 26. Nd8 1-0

[Event "Copenhagen Chess Challenge IM 2022"]
[Site "Ballerup"]
[Date "2022.05.28"]
[Round "7"]
[White "Kenneskog, Theodor"]
[Black "Jacobsen, Mikkel Manosri"]
[Result "0-1"]
[WhiteElo "2296"]
[BlackElo "2251"]
[PlyCount "74"]
[EventDate "2022.05.25"]
[EventType "tourn"]
[EventRounds "9"]
[EventCountry "DEN"]

1. e4 c6 2. d4 d5 3. e5 Bf5 4. h4 h5 5. Bd3 Bxd3 6. Qxd3 Qa5+ 7. Nd2 e6 8. Ngf3
Nh6 9. O-O Nf5 10. Nb3 Qa4 11. Bg5 Nd7 12. c3 c5 13. dxc5 Bxc5 14. Rfe1 O-O 15.
Nfd4 Bxd4 16. Nxd4 Nxd4 17. cxd4 Rfc8 18. b3 Qb4 19. Bd2 Qe7 20. g3 Nb8 21. Bg5
Qb4 22. Qf3 Qxd4 23. Qxh5 Rc2 24. Be3 Qc3 25. Qg4 Nc6 26. Bh6 g6 27. Qf4 Nd4
28. Rad1 Ne2+ 29. Rxe2 Rxe2 30. Rd4 Qc7 31. Qf3 Qxe5 32. Be3 Re1+ 33. Kh2 Rc8
34. Rf4 f5 35. h5 Rc2 36. Bxa7 Qe2 37. Qg2 Rcc1 0-1

[Event "Copenhagen Chess Challenge IM 2022"]
[Site "Ballerup"]
[Date "2022.05.28"]
[Round "7"]
[White "Sahl, Bjarke"]
[Black "Nielsen, Thomas Bach"]
[Result "1-0"]
[WhiteElo "2312"]
[BlackElo "2189"]
[PlyCount "115"]
[EventDate "2022.05.25"]
[EventType "tourn"]
[EventRounds "9"]
[EventCountry "DEN"]

1. e4 c6 2. Nf3 d5 3. Nc3 Bg4 4. h3 Bxf3 5. Qxf3 e6 6. d3 Nd7 7. a3 Qb6 8. g3
Ngf6 9. Bg2 dxe4 10. Nxe4 Nxe4 11. Qxe4 Qa5+ 12. Bd2 Qd5 13. O-O Qxe4 14. Bxe4
Be7 15. b4 a6 16. a4 Nf6 17. Bf3 Kd7 18. Rfb1 Rhc8 19. a5 Ne8 20. d4 Nd6 21. c3
f5 22. h4 g5 23. hxg5 Rg8 24. Kg2 Bxg5 25. Bxg5 Rxg5 26. Rh1 Rh8 27. Rh4 Nc4
28. Rd1 Ke7 29. Be2 Nd6 30. Rdh1 Rg7 31. Bd3 Kf6 32. Kf1 Nf7 33. Ke2 e5 34.
dxe5+ Nxe5 35. Rh6+ Ng6 36. R1h5 Re7+ 37. Kf1 Rd8 38. Bxf5 Rd1+ 39. Kg2 Rd2 40.
Bxg6 hxg6 41. Rh4 Rd3 42. Rg4 Rg7 43. Rc4 Kg5 44. Rhh4 Rd5 45. Rhd4 Rgd7 46.
Kf3 Rf5+ 47. Ke3 Re7+ 48. Re4 Rxe4+ 49. Rxe4 c5 50. Rc4 cxb4 51. cxb4 Rb5 52.
Rc5+ Rxc5 53. bxc5 Kf5 54. Kd4 Kg4 55. Ke5 Kf3 56. Kf6 Kxf2 57. g4 Kf3 58. g5
1-0

[Event "Copenhagen Chess Challenge IM 2022"]
[Site "Ballerup"]
[Date "2022.05.28"]
[Round "7"]
[White "Kistrup, Nicolai"]
[Black "Rostgaard, Tobias Valentin"]
[Result "1/2-1/2"]
[WhiteElo "2306"]
[BlackElo "2339"]
[PlyCount "83"]
[EventDate "2022.05.25"]
[EventType "tourn"]
[EventRounds "9"]
[EventCountry "DEN"]

1. d4 Nf6 2. c4 e6 3. g3 Bb4+ 4. Bd2 c5 5. Bxb4 cxb4 6. Bg2 O-O 7. Nf3 d6 8.
O-O Nc6 9. a3 Bd7 10. Re1 Qb6 11. e4 Rfd8 12. axb4 Qxb4 13. Nbd2 e5 14. Qb3
exd4 15. Qxb4 Nxb4 16. Nxd4 Ng4 17. f4 Re8 18. Ra3 Bc6 19. Rea1 a6 20. Rb3 a5
21. Rba3 f5 22. Nxc6 bxc6 23. Rxa5 Rxa5 24. Rxa5 Ne3 25. e5 dxe5 26. Rxe5 Rxe5
27. fxe5 Kf7 28. Nf3 Nxc4 29. Nd4 g6 30. Nxc6 Nxc6 31. Bd5+ Ke7 32. Bxc4 Nxe5
33. Be2 Kd6 34. Kf2 Kc5 35. h4 Kd4 36. b4 h6 37. b5 Kc5 38. Ke3 g5 39. hxg5
hxg5 40. g4 fxg4 41. Kf2 Nc6 42. bxc6 1/2-1/2

[Event "Copenhagen Chess Challenge IM 2022"]
[Site "Ballerup"]
[Date "2022.05.28"]
[Round "7"]
[White "Liu, Casper Yukun"]
[Black "Ahlander, Bjorn"]
[Result "0-1"]
[WhiteElo "2218"]
[BlackElo "2375"]
[PlyCount "62"]
[EventDate "2022.05.25"]
[EventType "tourn"]
[EventRounds "9"]
[EventCountry "DEN"]

1. d4 Nf6 2. c4 e6 3. g3 d5 4. Bg2 dxc4 5. Nf3 Nc6 6. Qa4 Bb4+ 7. Bd2 Nd5 8.
Bxb4 Ndxb4 9. O-O Rb8 10. Ne5 Qxd4 11. Nxc6 Nxc6 12. Na3 Bd7 13. Rfd1 Qc5 14.
Nxc4 Nd4 15. Nd6+ Qxd6 16. Qxa7 c5 17. e3 Nb5 18. Qa4 Qc7 19. Rac1 Nc3 20. Rxd7
Qxd7 21. Qxd7+ Kxd7 22. Rxc3 b5 23. Rxc5 Rhc8 24. Rxc8 Rxc8 25. Bf1 Rc1 26. Kg2
Kc6 27. Bd3 h6 28. Bh7 Ra1 29. a3 Ra2 30. Bg8 Rxb2 31. Bxf7 Kd7 0-1

[Event "Copenhagen Chess Challenge IM 2022"]
[Site "Ballerup"]
[Date "2022.05.29"]
[Round "8"]
[White "Seegert, Kristian"]
[Black "Liu, Casper Yukun"]
[Result "1-0"]
[WhiteElo "2209"]
[BlackElo "2218"]
[PlyCount "37"]
[EventDate "2022.05.25"]
[EventType "tourn"]
[EventRounds "9"]
[EventCountry "DEN"]

1. e4 c5 2. Nf3 d6 3. d4 cxd4 4. Nxd4 Nf6 5. Nc3 a6 6. Bg5 e6 7. f4 Be7 8. Qf3
Qc7 9. O-O-O Nbd7 10. g4 b5 11. Bxf6 Nxf6 12. g5 Nd7 13. f5 O-O 14. f6 gxf6 15.
Qh5 b4 16. Nxe6 Qa7 17. Nd5 Re8 18. gxf6 Nf8 19. Nxe7+ 1-0

[Event "Copenhagen Chess Challenge IM 2022"]
[Site "Ballerup"]
[Date "2022.05.29"]
[Round "8"]
[White "Jacobsen, Mikkel Manosri"]
[Black "Brynell, Stellan"]
[Result "1/2-1/2"]
[WhiteElo "2251"]
[BlackElo "2401"]
[PlyCount "69"]
[EventDate "2022.05.25"]
[EventType "tourn"]
[EventRounds "9"]
[EventCountry "DEN"]

1. d4 Nf6 2. Nf3 d5 3. c4 e6 4. e3 c5 5. Nc3 a6 6. cxd5 exd5 7. Be2 Nc6 8. O-O
Bd6 9. dxc5 Bxc5 10. b3 O-O 11. Bb2 Bf5 12. Rc1 Qd6 13. Na4 Ba7 14. Nd4 Bd7 15.
Nxc6 Bxc6 16. Bd4 Bxa4 17. bxa4 Bxd4 18. Qxd4 Rac8 19. Qb2 Qd7 20. g3 h6 21. a5
Rxc1 22. Rxc1 Rc8 23. Rb1 Rc7 24. Qe5 Qc8 25. Bf3 Rc1+ 26. Rxc1 Qxc1+ 27. Kg2
Qc6 28. h4 g6 29. g4 Ne4 30. Bxe4 dxe4 31. g5 h5 32. Kg3 Qc1 33. Qe8+ Kg7 34.
Qe5+ Kg8 35. Qe8+ 1/2-1/2

[Event "Copenhagen Chess Challenge IM 2022"]
[Site "Ballerup"]
[Date "2022.05.29"]
[Round "8"]
[White "Nielsen, Thomas Bach"]
[Black "Kenneskog, Theodor"]
[Result "0-1"]
[WhiteElo "2189"]
[BlackElo "2296"]
[PlyCount "60"]
[EventDate "2022.05.25"]
[EventType "tourn"]
[EventRounds "9"]
[EventCountry "DEN"]

1. d4 Nf6 2. c4 g6 3. Nc3 d5 4. Nf3 Bg7 5. e3 O-O 6. Bd3 c5 7. O-O cxd4 8. exd4
Nc6 9. h3 dxc4 10. Bxc4 Na5 11. Bd3 Be6 12. Re1 Rc8 13. Bg5 Bc4 14. Bxc4 Nxc4
15. Qb3 b6 16. Rac1 h6 17. Bh4 Qd7 18. Rcd1 Qb7 19. Ne5 Na5 20. Qa3 Rfe8 21. d5
Nh5 22. Nc6 Nxc6 23. dxc6 Qxc6 24. Rxe7 Nf4 25. Ne4 g5 26. Bg3 Bf8 27. Bxf4
Bxe7 28. Qf3 gxf4 29. Qxf4 Rcd8 30. Rc1 Qg6 0-1

[Event "Copenhagen Chess Challenge IM 2022"]
[Site "Ballerup"]
[Date "2022.05.29"]
[Round "8"]
[White "Kistrup, Nicolai"]
[Black "Sahl, Bjarke"]
[Result "1-0"]
[WhiteElo "2306"]
[BlackElo "2312"]
[PlyCount "61"]
[EventDate "2022.05.25"]
[EventType "tourn"]
[EventRounds "9"]
[EventCountry "DEN"]

1. d4 d5 2. c4 c6 3. Nf3 Nf6 4. g3 g6 5. Bg2 Bg7 6. O-O O-O 7. Ne5 Be6 8. cxd5
Nxd5 9. Nc3 Nb6 10. f4 N8d7 11. Nf3 Bc4 12. Re1 Qc7 13. e4 Ba6 14. Qc2 e6 15.
Be3 c5 16. e5 Rfc8 17. Rad1 cxd4 18. Nxd4 Bf8 19. Qb1 Bb4 20. Ndb5 Qb8 21. Nd6
Rc7 22. Bd4 Nc4 23. f5 gxf5 24. Nxf5 Bxc3 25. Bxc3 Qf8 26. Nd6 Qg7 27. Qe4 Nc5
28. Qh4 Na4 29. Ne4 Rcc8 30. Nf6+ Kh8 31. Rd4 1-0

[Event "Copenhagen Chess Challenge IM 2022"]
[Site "Ballerup"]
[Date "2022.05.29"]
[Round "8"]
[White "Rostgaard, Tobias Valentin"]
[Black "Ahlander, Bjorn"]
[Result "1/2-1/2"]
[WhiteElo "2339"]
[BlackElo "2375"]
[PlyCount "89"]
[EventDate "2022.05.25"]
[EventType "tourn"]
[EventRounds "9"]
[EventCountry "DEN"]

1. e4 c5 2. Nf3 d6 3. Bb5+ Nd7 4. O-O a6 5. Bd3 Ngf6 6. Re1 e5 7. a4 g6 8. Bc4
Bh6 9. d3 Bxc1 10. Qxc1 O-O 11. Qh6 Ng4 12. Qd2 Kg7 13. c3 Nb6 14. Bb3 Be6 15.
Bxe6 fxe6 16. Qe2 Nd7 17. Nbd2 Qe7 18. b4 cxb4 19. cxb4 a5 20. bxa5 Rxa5 21.
Nc4 Ra6 22. h3 Ngf6 23. Reb1 Nc5 24. a5 Nh5 25. g3 Nf6 26. Rb2 Nfd7 27. Rab1
Kg8 28. Kg2 Kg7 29. h4 Kg8 30. d4 exd4 31. Nxd4 e5 32. Nb5 Nf6 33. f3 d5 34.
exd5 Nxd5 35. Qxe5 Qf7 36. Nbd6 Qxf3+ 37. Kh2 Nd3 38. Qe6+ Kh8 39. Ne5 Nxe5 40.
Qxe5+ Nf6 41. Rd2 Kg8 42. Qe6+ Kh8 43. Qe5 Kg8 44. Qe6+ Kh8 45. Qe5 1/2-1/2

[Event "Copenhagen Chess Challenge IM 2022"]
[Site "Ballerup"]
[Date "2022.05.29"]
[Round "9"]
[White "Ahlander, Bjorn"]
[Black "Seegert, Kristian"]
[Result "1-0"]
[WhiteElo "2375"]
[BlackElo "2209"]
[PlyCount "63"]
[EventDate "2022.05.25"]
[EventType "tourn"]
[EventRounds "9"]
[EventCountry "DEN"]

1. d4 f5 2. Nf3 g6 3. g3 Nf6 4. c3 Bg7 5. Qb3 e6 6. Bg2 O-O 7. Ne5 Nc6 8. Nxc6
bxc6 9. Nd2 a5 10. O-O Ba6 11. Re1 d5 12. Nf3 Ne4 13. Bf4 c5 14. Be5 Bxe5 15.
Nxe5 cxd4 16. cxd4 Nd6 17. Rac1 Qe7 18. Qc3 Nb5 19. Qd2 a4 20. Rc6 Rfd8 21.
Rec1 Rd6 22. R6c5 Qe8 23. h4 Qe7 24. a3 Qg7 25. e3 Rb8 26. Bf1 Rb7 27. Qa5 Rdb6
28. Qxa4 Qe7 29. Nc6 Qd6 30. Nb4 Rb8 31. Rc6 Qd7 32. Rxb6 1-0

[Event "Copenhagen Chess Challenge IM 2022"]
[Site "Ballerup"]
[Date "2022.05.29"]
[Round "9"]
[White "Liu, Casper Yukun"]
[Black "Jacobsen, Mikkel Manosri"]
[Result "1-0"]
[WhiteElo "2218"]
[BlackElo "2251"]
[PlyCount "153"]
[EventDate "2022.05.25"]
[EventType "tourn"]
[EventRounds "9"]
[EventCountry "DEN"]

1. e4 c6 2. Nf3 d5 3. exd5 cxd5 4. Ne5 Nf6 5. d4 g6 6. Bb5+ Bd7 7. Bd3 Bg7 8.
c3 Nc6 9. Nd2 O-O 10. h3 Qc7 11. Qe2 Bf5 12. Ndf3 Bxd3 13. Nxd3 Ne4 14. O-O e6
15. Bf4 Qe7 16. Nd2 g5 17. Be3 f5 18. Nxe4 dxe4 19. Nc5 b6 20. Nb3 h6 21. f4
exf3 22. Qxf3 Qd7 23. Rad1 Ne7 24. Bc1 Ng6 25. Qh5 Qf7 26. Nd2 b5 27. Ne4 Nh8
28. Qxf7+ Nxf7 29. Nc5 Rfe8 30. d5 exd5 31. Rxf5 d4 32. cxd4 Rad8 33. d5 Nd6
34. Rff1 Re2 35. Rf2 Rxf2 36. Kxf2 Rc8 37. b4 a5 38. a3 Bc3 39. Bd2 Bb2 40. Bc1
Bc3 41. Bd2 Bb2 42. Nd3 Bxa3 43. bxa5 Ne4+ 44. Ke3 Nf6 45. Rb1 Nxd5+ 46. Ke4
Nc7 47. Bb4 Re8+ 48. Kd4 Rd8+ 49. Kc3 Nd5+ 50. Kb3 Bxb4 51. Nxb4 Nf4 52. a6
Nxg2 53. a7 Nf4 54. Nc6 Ra8 55. Kb4 Kg7 56. Rd1 Nxh3 57. Rd8 Rxa7 58. Nxa7 g4
59. Kc3 Nf4 60. Kd2 g3 61. Ke3 g2 62. Kf2 Kf6 63. Nxb5 h5 64. Nd4 h4 65. Rf8+
Kg5 66. Nf3+ Kg4 67. Rh8 h3 68. Rh4+ Kf5 69. Kg3 Ne2+ 70. Kh2 Nf4 71. Ng1 Kg5
72. Rh8 Kg4 73. Rg8+ Kh4 74. Rg7 Ne6 75. Rh7+ Kg4 76. Nxh3 Ng5 77. Nxg5 1-0

[Event "Copenhagen Chess Challenge IM 2022"]
[Site "Ballerup"]
[Date "2022.05.29"]
[Round "9"]
[White "Brynell, Stellan"]
[Black "Nielsen, Thomas Bach"]
[Result "1-0"]
[WhiteElo "2401"]
[BlackElo "2189"]
[PlyCount "73"]
[EventDate "2022.05.25"]
[EventType "tourn"]
[EventRounds "9"]
[EventCountry "DEN"]

1. d4 f5 2. Nf3 Nf6 3. g3 g6 4. Bg2 Bg7 5. c4 d6 6. O-O O-O 7. Nc3 Nc6 8. d5
Na5 9. Qa4 c5 10. dxc6 Nxc6 11. Rd1 Bd7 12. c5 dxc5 13. Qc4+ e6 14. Qxc5 h6 15.
Qc4 Kh7 16. Bf4 Rc8 17. Bd6 Re8 18. Qh4 Nh5 19. Qxd8 Rexd8 20. e4 e5 21. exf5
gxf5 22. Rd2 Be6 23. Rad1 e4 24. Nh4 Na5 25. Bf4 Rxd2 26. Bxd2 Nc4 27. Bc1 Nxb2
28. Bxb2 Bxc3 29. Bxc3 Rxc3 30. g4 Nf6 31. Nxf5 Bxa2 32. h3 Kg6 33. Rd6 Rc6 34.
Ne7+ Kg5 35. h4+ Kxg4 36. Nxc6 bxc6 37. Rxf6 1-0

[Event "Copenhagen Chess Challenge IM 2022"]
[Site "Ballerup"]
[Date "2022.05.29"]
[Round "9"]
[White "Kenneskog, Theodor"]
[Black "Kistrup, Nicolai"]
[Result "1-0"]
[WhiteElo "2296"]
[BlackElo "2306"]
[PlyCount "77"]
[EventDate "2022.05.25"]
[EventType "tourn"]
[EventRounds "9"]
[EventCountry "DEN"]

1. e4 e5 2. Nf3 Nc6 3. Bb5 a6 4. Ba4 Nf6 5. O-O Be7 6. Re1 b5 7. Bb3 O-O 8. a4
b4 9. d4 d6 10. dxe5 Nxe5 11. Bf4 Nxf3+ 12. Qxf3 Bb7 13. Nd2 a5 14. Rad1 Nd7
15. Qg3 Bh4 16. Qg4 Bf6 17. Nc4 Qc8 18. Qg3 Ra6 19. f3 Re8 20. e5 dxe5 21. Bxe5
Nxe5 22. Nxe5 Bxe5 23. Rxe5 Rg6 24. Rxe8+ Qxe8 25. Qe5 Qc8 26. Qf5 Rd6 27.
Qxf7+ Kh8 28. Re1 Bc6 29. Re7 Rg6 30. Be6 Qd8 31. Bd7 Bxd7 32. Rxd7 Qb8 33. Re7
Qb6+ 34. Kh1 h5 35. Re8+ Kh7 36. Qg8+ Kh6 37. Qh8+ Kg5 38. Re5+ Kf6 39. Qxh5
1-0

[Event "Copenhagen Chess Challenge IM 2022"]
[Site "Ballerup"]
[Date "2022.05.29"]
[Round "9"]
[White "Sahl, Bjarke"]
[Black "Rostgaard, Tobias Valentin"]
[Result "0-1"]
[WhiteElo "2312"]
[BlackElo "2339"]
[PlyCount "90"]
[EventDate "2022.05.25"]
[EventType "tourn"]
[EventRounds "9"]
[EventCountry "DEN"]

1. d4 Nf6 2. c4 g6 3. Nc3 Bg7 4. e4 d6 5. Nf3 O-O 6. Be3 e5 7. dxe5 dxe5 8.
Qxd8 Rxd8 9. Nd5 Na6 10. Nxf6+ Bxf6 11. a3 c6 12. Nd2 b6 13. Be2 Nc7 14. O-O
Ne6 15. Rfc1 Bg5 16. Bxg5 Nxg5 17. Nf3 Nxf3+ 18. Bxf3 c5 19. Rd1 Be6 20. b3 Rd4
21. Rxd4 cxd4 22. Be2 Kf8 23. Kf1 Ke7 24. Ke1 f5 25. Bd3 f4 26. h4 g5 27. hxg5
Rg8 28. Ke2 Rxg5 29. Rh1 h5 30. Kf1 Bf7 31. Be2 Kd6 32. Rh3 Bg6 33. Bd3 Kc5 34.
f3 Bf7 35. Kf2 Kd6 36. Rh1 Rg8 37. Rh4 Ke7 38. Rh1 Kf6 39. Rh4 Kg5 40. g3 b5
41. Rh1 fxg3+ 42. Kxg3 bxc4 43. Bxc4 Bxc4 44. bxc4 Rb8 45. c5 Rb3 0-1